000 00650nam a22001937a 4500
999 _c163991
_d163991
005 20190508114726.0
010 _aUR-10075
020 _c200.00
_a-
035 _aU-8630
037 _bDBAD/PUB
082 _a840.08
100 _aر ضی شطا ر ی
245 _aا قبا ل شا نہ
_cر ضی شطا ر ی
246 _bIqbal Shana:Fun Aur ShakhsiyatUrdu)
_aed.by Dr.Razi Shatari
260 _a Delhi
_bEducational Publishing House
_c2017 ء
270 _a3191،Vakil Street,Kucha Pandit,Lal Kuan,
_bDelhi
_e110006
_k23216162
_l00911123211540
300 _a152ص
_c22 Cm.(bk)
942 _2ddc
_cUR
_h840.08
_mر ض ي